Psicología educacional
Պահպանված է:
| Հիմնական հեղինակներ: | , |
|---|---|
| Ձևաչափ: | Գիրք |
| Լեզու: | իսպաներեն |
| Հրապարակվել է: |
Ciudad de México
Interamericana
1983
|
| Խորագրեր: | |
| Ցուցիչներ: |
Ավելացրեք ցուցիչ
Չկան պիտակներ, Եղեք առաջինը, ով նշում է այս գրառումը!
|
MARC
| LEADER | 00000nam a2200000 a 4500 | ||
|---|---|---|---|
| 001 | UCZ0749 | ||
| 003 | CL-VaPUC | ||
| 008 | 950809e19830000MX |||||||||||||||||spa|d | ||
| 082 | 0 | 4 | |a 370.15 |b GOO |2 21 |
| 100 | |a Good, Thomas L |e author |9 480379 | ||
| 700 | 0 | |a Brophy, Jere E |e author |9 343940 | |
| 245 | 1 | 0 | |a Psicología educacional |
| 300 | |a 632 p | ||
| 942 | |c BK | ||
| 945 | |d 19950809 00:00:00 |a cmena | ||
| 260 | |a Ciudad de México |b Interamericana |c 1983 | ||
| 650 | 0 | |a Psicología educacional |9 307830 | |
| 650 | 0 | |a Desarrollo individual |9 307875 | |
| 650 | 0 | |a Desarrollo mental |9 313003 | |
| 650 | 0 | |a Cognición |9 270347 | |
| 650 | 0 | |a Interacción social |9 307764 | |
| 650 | 0 | |a Aprendizaje |9 254827 | |
| 650 | 0 | |a Procesos de aprendizaje |9 309161 | |
| 650 | 0 | |a Motivación |9 315362 | |
| 650 | 0 | |a Planificación de la educación |9 307333 | |
| 650 | 7 | |a ENSEÑANZA EN EQUIPO |2 CL-VaPUC |9 343941 | |
| 650 | 7 | |a COMPORTAMIENTO DE EQUIPO |2 CL-VaPUC |9 343942 | |
| 650 | 7 | |a PARTICIPACION |2 CL-VaPUC |9 337754 | |
| 650 | 0 | |a Alumnos |9 335074 | |
| 650 | 0 | |a Rol del docente |9 329733 | |
| 650 | 0 | |a Evaluación de la educación |9 237505 | |
| 650 | 7 | |a TESTS |2 CL-VaPUC |9 309359 | |
| 583 | |a last modification |c 19950809 00:00:00 |k Rodrigo Vera | ||
| 999 | |c 237656 |d 237654 | ||
| 952 | |0 0 |1 0 |4 0 |6 370_150000000000000_GOO_1983 |7 0 |8 R |9 247143 |a BIBEDU |b BIBEDU |c MCIRC |d 2019-11-18 |i 1554352 |o 370.15 GOO 1983 |p 1554352 |r 2023-01-13 |w 2019-11-18 |y BK_R |k EDU | ||
| 952 | |0 0 |1 0 |4 0 |6 370_150000000000000_GOO_1983 |7 0 |8 R |9 247144 |a BIBEDU |b BIBEDU |c MCIRC |d 2019-11-18 |i 1554360 |o 370.15 GOO 1983 |p 1554360 |r 2023-01-13 |w 2019-11-18 |y BK_R |k EDU | ||
| 952 | |0 0 |1 0 |4 0 |6 370_150000000000000_GOO_1983 |7 0 |8 R |9 247145 |a BIBEDU |b BIBEDU |c MCIRC |d 2019-11-18 |i 1554379 |o 370.15 GOO 1983 |p 1554379 |r 2023-01-13 |w 2019-11-18 |y BK_R |k EDU | ||